[Event "Naukograd Koltsovo op"]
[Site "Novosibirsk"]
[Date "2009.06.30"]
[Round "3"]
[White "Kim, Yury"]
[Black "Tsepennikova, Tatyana"]
[Result "0-1"]
[WhiteElo "1800"]
[BlackElo "2128"]
[PlyCount "66"]
[EventDate "2009.06.28"]
[EventType "swiss"]
[EventRounds "9"]
[EventCountry "RUS"]
[SourceTitle "EXT 2021"]
[Source "ChessBase"]
[SourceDate "2020.10.23"]
[SourceVersion "1"]
[SourceVersionDate "2020.10.23"]
[SourceQuality "1"]

1. e4 c6 2. d4 d5 3. e5 Bf5 4. Nc3 e6 5. g4 Bg6 6. Nge2 c5 7. Be3 cxd4 8. Nxd4 Nc6 9. Bb5 Nge7 10. f4 a6 11. Bd3 Bxd3 12. cxd3 Nxd4 13. Bxd4 Nc6 14. Bf2 g5 15. d4 gxf4 16. Qf3 Nb4 17. 0-0 h5 18. Qxf4 Bh6 19. Qf3 hxg4 20. Qxg4 Nc2 21. Rad1 Qg5 22. Qxg5 Bxg5 23. Rd3 Ke7 24. Rf3 Rh7 25. Kg2 Rg8 26. Rg3 Rgh8 27. Rxg5 Rxh2+ 28. Kf3 R8h3+ 29. Rg3 Rh4 30. Ne2 Nb4 31. a3 Nd3 32. b3 Re4 33. Rg4 Nxf2 0-1

[Event "Novosibirsk Sukharev Memorial op"]
[Site "Novosibirsk"]
[Date "2008.07.27"]
[Round "?"]
[White "Glukhov, Mikhail"]
[Black "Kim, Yury"]
[Result "1-0"]
[WhiteElo "2237"]
[BlackElo "1829"]
[PlyCount "97"]
[EventDate "2008.07.20"]
[EventType "swiss"]
[EventRounds "9"]
[EventCountry "RUS"]
[SourceTitle "EXT 2022"]
[Source "ChessBase"]
[SourceDate "2021.10.06"]
[SourceVersion "1"]
[SourceVersionDate "2021.10.06"]
[SourceQuality "1"]

1. e4 c5 2. Nf3 Nc6 3. Bb5 d6 4. 0-0 Bd7 5. Re1 e5 6. c3 a6 7. Bxc6 Bxc6 8. d4 Qc7 9. Nbd2 Nf6 10. Qc2 Be7 11. dxe5 dxe5 12. Nc4 Nd7 13. Ne3 0-0 14. c4 Rad8 15. b3 b5 16. Bb2 f6 17. Nd5 Bxd5 18. exd5 bxc4 19. bxc4 Nb6 20. Re3 Rb8 21. Nd2 Rb7 22. Rae1 Rfb8 23. Ba1 Nc8 24. Ne4 Nd6 25. Nxd6 Bxd6 26. h4 Qf7 27. Qa4 Rb6 28. Rb3 Qa7 29. Reb1 Kf7 30. Bc3 Rxb3 31. Rxb3 Rxb3 32. Qxb3 Qb8 33. Qc2 g6 34. h5 f5 35. Qc1 e4 36. Qa1 Qf8 37. Be5 gxh5 38. Qb2 Qe7 39. Bxd6 Qxd6 40. Qb7+ Kg8 41. Qc6 Qf4 42. Qe8+ Kg7 43. Qe7+ Kg6 44. Qxc5 Qc1+ 45. Kh2 Qf4+ 46. g3 Qf3 47. Qb6+ Kg7 48. Qe3 Qd1 49. Qg5+ 1-0

[Event "Novosibirsk Sukharev Memorial op"]
[Site "Novosibirsk"]
[Date "2008.07.20"]
[Round "?"]
[White "Malchikov, Anton"]
[Black "Kim, Yury"]
[Result "0-1"]
[WhiteElo "2182"]
[BlackElo "1829"]
[PlyCount "116"]
[EventDate "2008.07.20"]
[EventType "swiss"]
[EventRounds "9"]
[EventCountry "RUS"]
[SourceTitle "EXT 2022"]
[Source "ChessBase"]
[SourceDate "2021.10.06"]
[SourceVersion "1"]
[SourceVersionDate "2021.10.06"]
[SourceQuality "1"]

1. Nf3 f5 2. d4 Nf6 3. c4 e6 4. Qc2 d5 5. Bf4 c6 6. e3 Be7 7. Nc3 0-0 8. Bd3 Ne4 9. g4 Bh4 10. Nxh4 Qxh4 11. gxf5 Nxc3 12. Qxc3 exf5 13. cxd5 cxd5 14. Bd6 Re8 15. Bg3 Qf6 16. Be5 Qf7 17. Rg1 g6 18. Qc7 Nc6 19. Qxf7+ Kxf7 20. f4 Nb4 21. Bb1 Bd7 22. a3 Nc6 23. Ba2 Ke6 24. Rc1 Rac8 25. Kd2 Na5 26. Rc5 Rxc5 27. dxc5 Bb5 28. b4 Bc4 29. Bb1 Nc6 30. Bc3 Rd8 31. Bd3 Bxd3 32. Kxd3 Re8 33. Rd1 d4 34. exd4 Kd5 35. b5 Nd8 36. a4 Re4 37. Re1 Rxe1 38. Bxe1 Ne6 39. Bc3 Nxf4+ 40. Ke3 Ne6 41. Kd3 g5 42. a5 h5 43. c6 b6 44. axb6 axb6 45. Bd2 Nc7 46. Bxg5 Nxb5 47. Ke3 Kxc6 48. Bf6 Nd6 49. Kf4 Kd5 50. Bd8 b5 51. Ba5 Kxd4 52. Kg5 Ke4 53. Kxh5 f4 54. Kg6 f3 55. Be1 Nf5 56. h4 b4 57. Bxb4 Nxh4+ 58. Kh5 f2 0-1